MARC
LEADER
00000nam0a2200000 4500
001
281335
005
20231101235407.0
035
|a (RuTPU)RU\TPU\book\305044
090
|a 281335
100
|a 20150121d m y0rusy50 ca
101
0
|a rus
102
|a KZ
105
|a y z 001zy
200
1
|a Аренфенолальдегидные олигомеры
|f В. Г. Гуцалюк, В. М. Невский, А. С. Сафронова
|g Академия наук Казахской ССР (АН КазССР), Институт химических наук
210
|a Алма-Ата
|c Наука
|d 1986
215
|a 232 с.
320
|a Библиогр. в конце гл.
606
1
|a Смолы синтетические
|2 stltpush
|3 (RuTPU)RU\TPU\subj\55339
|9 73377
610
1
|a высокомолекулярные соединения
610
1
|a формалиты
610
1
|a олигомеры
610
1
|a ароматические углеводороды
610
1
|a фенолы
610
1
|a альдегиды
610
1
|a аренформальдегидные смолы
610
1
|a термическая деструкция
610
1
|a термоокислительная деструкция
610
1
|a синтез
610
1
|a сомономеры
610
1
|a получение
675
|a 678.6
|v 3
700
1
|a Гуцалюк
|b В. Г.
|g Виктор Григорьевич
701
1
|a Невский
|b В. М.
|g Владимир Михайлович
701
1
|a Сафронова
|b А. С.
|g Антонина Сигизмундовна
712
0
2
|a Академия наук Казахской ССР (АН КазССР)
|b Институт химических наук
|2 stltpush
|3 (RuTPU)RU\TPU\col\11297
801
1
|a RU
|b 63413507
|c 20150121
801
2
|a RU
|b 63413507
|c 20170119
|g RCR
942
|c BK